UMass Amherst Dorms - Statistics

General Stats
  • This quiz has been taken 73 times
  • The average score is 29 of 47
Answer Stats
Residential Area Hall % Correct
Southwest Kennedy
92%
Southwest Washington
88%
Southwest John Adams
85%
Southwest John Quincy Adams
85%
Honors Oak
83%
Southwest Coolidge
79%
Northeast Crabtree
77%
Southwest Cance
75%
Southwest Thoreau
75%
Honors Birch
73%
Honors Maple
73%
Orchard Hill Dickinson
71%
Honors Elm
69%
Central Van Meter
69%
Southwest Melville
67%
Southwest Pierpont
65%
Southwest Prince
65%
Central Baker
63%
Orchard Hill Field
63%
Honors Sycamore
63%
Orchard Hill Webster
63%
Northeast Mary Lyon
60%
Central Brett
58%
Central Butterfield
58%
Northeast Dwight
58%
Southwest James
58%
Southwest Moore
58%
Sylvan Brown
56%
Southwest Emerson
56%
Orchard Hill Grayson
56%
Northeast Johnson
56%
Northeast Leach
56%
Honors Linden
56%
Southwest MacKimmie
56%
Southwest Patterson
56%
Central Gorman
54%
Central Brooks
52%
Central Greenough
52%
Northeast Hamlin
52%
Northeast Lewis
52%
Central Wheeler
52%
Southwest Crampton
50%
Sylvan McNamara
50%
Northeast Thatcher
50%
Northeast Knowlton
48%
Central Chadbourne
46%
Sylvan Cashin
44%
No matching quizzes found
Score Distribution
Percent of People with Each Score
Percentile by Number Answered
Your Score History
You have not taken this quiz